| 000 | 00711nam a22002057a 4500 | ||
|---|---|---|---|
| 999 |
_c4207 _d4207 |
||
| 003 | AR-CdUCM | ||
| 008 | 190308b ||||| |||| 00| 0 spa d | ||
| 040 |
_aMUNICIPALIDAD PROVINCIAL DEL CUSCO _cBIBLIOTECA MUNICIPAL DEL CUSCO |
||
| 082 |
_22ed. _a780.947 / _bC95 |
||
| 100 |
_aCui, César _913323 |
||
| 245 | _aLa música en Rusia / | ||
| 260 |
_aArgentina : _bEspasa Calpe, _c1948. |
||
| 300 |
_a159 páginas ; _c18 cm. |
||
| 505 | _aContenido: Música vocal -- La música instrumental -- Los medios de ejecución -- La crítica musical, el público... | ||
| 650 |
_aMiguel Glinka _913324 |
||
| 650 |
_aNueva escuela rusa _913325 |
||
| 650 |
_aMelodias vocales _913326 |
||
| 942 |
_2ddc _cLIBROS |
||
| 945 | _aafb | ||